Normal view MARC view
  • Randall R P

Entry Personal Name

Number of records used in: 2

001 - CONTROL NUMBER

  • control field: 6026

003 - CONTROL NUMBER IDENTIFIER

  • control field: OSt

005 - DATE AND TIME OF LATEST TRANSACTION

  • control field: 20180209103129.0

008 - FIXED-LENGTH DATA ELEMENTS

  • fixed length control field: 180209|| aca||aabn | a|a d

040 ## - CATALOGING SOURCE

  • Original cataloging agency: OSt
  • Transcribing agency: OSt

100 ## - HEADING--PERSONAL NAME

  • Personal name: Randall R P

670 ## - SOURCE DATA FOUND

  • Source citation: Work cat.: (OSt): Randall R P, The little Red Hen, 1993

Powered by Koha